De ciudadanos a señores feudales: historia social del pensamiento político desde la Antigüedad a la Edad Media

保存先:
書誌詳細
第一著者: Wood, Ellen Meiksins (著者)
フォーマット: 図書
言語:スペイン語
出版事項: Barcelona Paidós 2011
版:1a. ed
シリーズ:Estado y Sociedad, 180
主題:
タグ: タグ追加
タグなし, このレコードへの初めてのタグを付けませんか!

MARC

LEADER 00000cam a2200000 a 4500
001 UCD8767
003 CL-VaPUC
008 170527e20110000sp |||||||||||||||||spa|d
020 |a 9788449324826 
082 0 4 |a 320.01109  |b WOO  |2 21 
100 0 |a Wood, Ellen Meiksins  |e author  |9 592268 
245 1 0 |a De ciudadanos a señores feudales: historia social del pensamiento político desde la Antigüedad a la Edad Media 
250 |a 1a. ed 
300 |a 313 p 
942 |c BK 
945 |d 20170527 00:32:00  |a dcastane 
260 |a Barcelona  |b Paidós  |c 2011 
650 0 |a Ciencias Políticas  |9 255201 
650 7 |a HISTORIA Y POLITICA  |2 CL-VaPUC  |9 435611 
650 0 |a Pensamiento social  |9 375866 
583 |a last modification  |c 20170527 00:32:00  |k Rodrigo Vera 
490 0 |a Estado y Sociedad, 180 
999 |c 368076  |d 368074 
952 |0 0  |1 0  |3 erb  |4 0  |6 320_011090000000000_WOO_2011  |7 0  |8 A  |9 483335  |a BIBEDU  |b BIBEDU  |i 5376920  |o 320.01109 WOO 2011  |p 5376920  |r 2019-11-24  |w 2019-11-24  |y BK  |z Catalogado en:20170527  |k FIL